000 00599cam a2200181 a 4500
001 000002575
005 20200929150221.0
008 030411s2002 cu a 000 0 spa
020 _a9590105025
040 _aDO-SdBNP
_bspa
_cBNPHU
082 _a808.7
_bH557a
100 1 _aHernández Nordelo, Gerardo
_d1965-
_98107
245 1 3 _aEl Amor y el humor todo lo pueden /
_cGerardo Hernández Nordelo.
260 _aCiudad de La Habana [Cuba] :
_bEditora Palante :
_bEditora Política,
_c2002.
300 _a151 p. :
_bil. ;
_c22 cm.
650 4 _aHumorismo gráfico
_97199
650 4 _aHumorismo cubano
_98108
999 _c2411
_d2411